[Event "Southend op"]
[Site "London"]
[Date "2002.03.31"]
[Round "6"]
[White "Chaudhry, S Donald"]
[Black "Donovan, Nigel"]
[Result "0-1"]
[WhiteElo "1872"]
[BlackElo "2168"]
[PlyCount "84"]
[EventDate "2002.03.29"]
[EventType "swiss"]
[EventRounds "7"]
[EventCountry "ENG"]
[SourceTitle "EXT 2006"]
[Source "ChessBase"]
[SourceDate "2005.11.24"]
[SourceVersion "1"]
[SourceVersionDate "2005.11.24"]
[SourceQuality "1"]

1. e4 c5 2. Nf3 e6 3. d4 cxd4 4. Nxd4 Nf6 5. Bd3 Nc6 6. Nxc6 bxc6 7. 0-0 e5 8. f4 Bc5+ 9. Kh1 d6 10. f5 h6 11. Nc3 d5 12. exd5 cxd5 13. Qf3 0-0 14. Qg3 Kh8 15. Qxe5 Re8 16. Qg3 Bb7 17. Qh3 d4 18. Ne2 Kh7 19. Bg5 Be4 20. Ng3 Bxd3 21. cxd3 Be7 22. Bxf6 Bxf6 23. Ne4 Qb6 24. Qh5 Re7 25. b3 Rc8 26. g4 Rxe4 27. dxe4 d3 28. Rad1 Qd4 29. Qh3 d2 30. Qg2 Bg5 31. Qe2 Rc1 32. Kg2 Be3 33. Rf3 Qxe4 34. h3 Rxd1 35. Qxd1 Bg5 36. Kf1 Bh4 37. Kg2 Qe1 38. Rf1 Qg3+ 39. Kh1 Qxh3+ 40. Kg1 Qg3+ 41. Kh1 Bg5 42. f6 Qh3+ 0-1

[Event "Southend op"]
[Site "London"]
[Date "2002.03.29"]
[Round "1"]
[White "Chapman, Gordon B"]
[Black "Chaudhry, S Donald"]
[Result "0-1"]
[WhiteElo "1240"]
[BlackElo "1872"]
[PlyCount "58"]
[EventDate "2002.03.29"]
[EventType "swiss"]
[EventRounds "7"]
[EventCountry "ENG"]
[SourceTitle "EXT 2006"]
[Source "ChessBase"]
[SourceDate "2005.11.24"]
[SourceVersion "1"]
[SourceVersionDate "2005.11.24"]
[SourceQuality "1"]

1. d4 d5 2. Nf3 Nf6 3. c3 Nbd7 4. Nbd2 e6 5. e3 Bd6 6. Bd3 e5 7. dxe5 Nxe5 8. Nxe5 Bxe5 9. 0-0 0-0 10. Nf3 Bd6 11. Re1 Re8 12. Qc2 Ne4 13. g3 h5 14. Nh4 Qg5 15. Bxe4 Rxe4 16. Ng2 Bh3 17. Qd2 Rae8 18. f4 Qf5 19. Nh4 Qg4 20. Qf2 Bxf4 21. Bd2 Bh6 22. Re2 R8e6 23. Qe1 g5 24. Ng2 h4 25. gxh4 gxh4 26. Kh1 Rg6 27. Qg1 Qxe2 28. Rd1 Bxg2+ 29. Qxg2 Qxg2# 0-1

[Event "Southend op"]
[Site "London"]
[Date "2001.04.15"]
[Round "6"]
[White "Chaudhry, S Donald"]
[Black "Taylor, Peter P"]
[Result "1/2-1/2"]
[WhiteElo "1856"]
[BlackElo "2183"]
[PlyCount "93"]
[EventDate "2001.04.13"]
[EventType "swiss"]
[EventRounds "7"]
[EventCountry "ENG"]
[SourceTitle "EXT 2006"]
[Source "ChessBase"]
[SourceDate "2005.11.24"]
[SourceVersion "1"]
[SourceVersionDate "2005.11.24"]
[SourceQuality "1"]

1. e4 c6 2. Nf3 d5 3. exd5 cxd5 4. d4 Nf6 5. Nc3 Bg4 6. h3 Bh5 7. Be2 e6 8. 0-0 Be7 9. Be3 Nc6 10. a3 0-0 11. Nh2 Bg6 12. Rc1 Rc8 13. f4 Ne4 14. Nxe4 Bxe4 15. Qd2 Na5 16. Bd3 Nc4 17. Bxc4 Rxc4 18. Ng4 Qc7 19. c3 f6 20. Nf2 Bg6 21. Qe2 Rc8 22. Bd2 Rc6 23. Rce1 Re8 24. Qf3 Qb6 25. Bc1 Qb3 26. Re2 a5 27. Rfe1 Bf8 28. g4 b5 29. f5 Bf7 30. Nd3 b4 31. axb4 axb4 32. Bd2 bxc3 33. bxc3 Qb7 34. h4 Qd7 35. h5 Rcc8 36. Qh3 exf5 37. gxf5 Rxe2 38. Rxe2 Re8 39. Rg2 Qa4 40. Qg4 Re4 41. Nf4 Qe8 42. h6 g5 43. fxg6 hxg6 44. h7+ Kh8 45. Nxg6+ Bxg6 46. Qxg6 Qxg6 47. Rxg6 1/2-1/2